Роль дисциплины "Профессиональная подготовка на английском языке" в подготовке магистра технического направления глазами студента; Интеллектуальные энергосистемы; Т. 3
| Parent link: | Интеллектуальные энергосистемы: труды III Международного молодёжного форума, 28 сентября - 2 октября 2015 г., г. Томск/ Национальный исследовательский Томский политехнический университет (ТПУ).— , 2015 Т. 3.— 2015.— [С. 222-224] |
|---|---|
| Autor principal: | |
| Autor corporatiu: | |
| Altres autors: | |
| Sumari: | Заглавие с титульного экрана |
| Idioma: | rus |
| Publicat: |
2015
|
| Col·lecció: | Интеллектуальные энергосистемы и формирование методологических компетенций инженеров |
| Matèries: | |
| Accés en línia: | http://earchive.tpu.ru/handle/11683/16199 http://www.lib.tpu.ru/fulltext/c/2015/C43/V3/061.pdf |
| Format: | MixedMaterials Electrònic Capítol de llibre |
| KOHA link: | https://koha.lib.tpu.ru/cgi-bin/koha/opac-detail.pl?biblionumber=615984 |
MARC
| LEADER | 00000naa2a2200000 4500 | ||
|---|---|---|---|
| 001 | 615984 | ||
| 005 | 20260117160105.0 | ||
| 035 | |a (RuTPU)RU\TPU\conf\14217 | ||
| 035 | |a RU\TPU\conf\14168 | ||
| 090 | |a 615984 | ||
| 100 | |a 20151127d2015 k y0rusy50 ca | ||
| 101 | 0 | |a rus | |
| 102 | |a RU | ||
| 105 | |a y z 101zy | ||
| 135 | |a drgn ---uucaa | ||
| 181 | 0 | |a i | |
| 182 | 0 | |a b | |
| 200 | 1 | |a Роль дисциплины "Профессиональная подготовка на английском языке" в подготовке магистра технического направления глазами студента |f С. Ч. Выонг |g науч. рук. В. С. Иванова | |
| 203 | |a Текст |c электронный | ||
| 225 | 1 | |a Интеллектуальные энергосистемы и формирование методологических компетенций инженеров | |
| 300 | |a Заглавие с титульного экрана | ||
| 320 | |a [Библиогр.: с. 224 (4 назв.)] | ||
| 337 | |a Adobe Reader | ||
| 461 | 1 | |0 (RuTPU)RU\TPU\conf\13656 |t Интеллектуальные энергосистемы |o труды III Международного молодёжного форума, 28 сентября - 2 октября 2015 г., г. Томск |o в 3 т. |f Национальный исследовательский Томский политехнический университет (ТПУ) |d 2015 | |
| 463 | 1 | |0 (RuTPU)RU\TPU\conf\13661 |t Т. 3 |v [С. 222-224] |d 2015 | |
| 610 | 1 | |a труды учёных ТПУ | |
| 610 | 1 | |a электронный ресурс | |
| 610 | 1 | |a профессиональная подготовка | |
| 610 | 1 | |a английский язык | |
| 610 | 1 | |a магистры | |
| 610 | 1 | |a техническое направление | |
| 610 | 1 | |a студенты | |
| 700 | 1 | |a Выонг |b С. Ч. | |
| 702 | 1 | |a Иванова |b В. С. |c специалист в области приборостроения |c доцент Томского политехнического университета, ведущий эксперт, кандидат технических наук |f 1977- |g Вероника Сергеевна |4 727 | |
| 712 | 0 | 2 | |a Национальный исследовательский Томский политехнический университет |c (2009- ) |9 26305 |
| 801 | 2 | |a RU |b 63413507 |c 20210210 |g RCR | |
| 856 | 4 | |u http://earchive.tpu.ru/handle/11683/16199 | |
| 856 | 4 | |u http://www.lib.tpu.ru/fulltext/c/2015/C43/V3/061.pdf | |
| 942 | |c BK | ||